000 00281nam a22001217a 4500
008 170504b xxu||||| |||| 00| 0 eng d
041 _aeng
080 _a342
100 _a13
101 _aSHJ
245 _aCORPORATION PARTNERSHIPS ESTATES TRUST
_cHOFFMAN.W
942 _2udc
_cBK
999 _c12608
_d12608